000 01127nam2a22002411 4500
001 rc\175138
005 20250612174140.0
010 _a5-295-01777- Х
_93000
035 _a(NLR Aleph) 008759274
090 _a7855311
_c7855311
100 _a20030307d1996 |||y0rusy50 ca
101 0 _arus
102 _aRU
105 _aa |||||||||
200 1 _aИглинский, Илишевский районы
_f[Подготовили Ф.М. Арсланова и др.]
210 _d1996
_aБ. м.
215 _a404, [2] с.
_cил.
461 0 _1001rc\175167
_12001#$aПамять$eСписки погибших в Великой Отеч. войне, 1941-1945 гг.$e[Башкортостан$fРедкол.: М.А. Аюпов (гл. ред.) и др.]$vКн. 11
_96464882
_cУфа
_d1997-
_fРедкол.: М.А. Аюпов (гл. ред.) и др.]
_nКитап
_oСписки погибших в Великой Отеч. войне, 1941-1945 гг. : [Башкортостан
_tПамять
_y529509580
_vКн. 11
801 0 _aRU
_bNLR
_gpsbo
801 1 _aRU
_bELAR
_2rusmarc
852 _aNLR
_bС
_jК-2/6100
942 _cBOOK
980 _aNB